Los efectos de las políticas económicas aplicadas durante los años 2004-2016 en el sector privado de Argentina (Registro nro. 12497)

Detalles MARC
000 -LEADER
fixed length control field 00440 a2200133 4500
001 - CONTROL NUMBER
control field ART_50051
005 - DATE AND TIME OF LATEST TRANSACTION
control field 20260410161631.0
008 - FIXED-LENGTH DATA ELEMENTS--GENERAL INFORMATION
fixed length control field 260409a
100 1# - MAIN ENTRY--PERSONAL NAME
Personal name Fano, Diego G.
245 10 - TITLE STATEMENT
Title Los efectos de las políticas económicas aplicadas durante los años 2004-2016 en el sector privado de Argentina
700 1# - ADDED ENTRY--PERSONAL NAME
Personal name Lucero, Víctor A.
700 1# - ADDED ENTRY--PERSONAL NAME
Personal name Marín, Antonio
773 0# - HOST ITEM ENTRY
Title Enfoques
Related parts - N°9 (sep. 2019)
Record control number REV416

No hay ítems disponibles.